El Príncipe de Éboli, Ruy Gómez de Silva / (Record no. 196049)

MARC details
000 -LEADER
campo de control de longitud fija 01327nam a2200349 i 4500
001 - NÚMERO DE CONTROL
campo de control 196049
003 - IDENTIFICADOR DE NÚMERO DE CONTROL
campo de control ES-MaACL
005 - FECHA Y HORA DE LA ÚLTIMA TRANSACCIÓN
campo de control 20250428063009.0
008 - DATOS DE LONGITUD FIJA--INFORMACIÓN GENERAL
campo de control de longitud fija 240810s2007 sp |||||| 000 1|spa|d
017 ## - NÚMERO DE COPYRIGHT O DE DEPÓSITO LEGAL
Número de copyright o de depósito legal B 1375-2007
020 ## - NÚMERO INTERNACIONAL ESTÁNDAR DEL LIBRO
Número Internacional Estándar del Libro 9788496647077 (
Información calificativa cart.)
035 ## - NÚMERO DE CONTROL DEL SISTEMA
Número de control de sistema Rebiun07184947
040 ## - FUENTE DE CATALOGACIÓN
Lengua de catalogación spa
Centro/agencia transcriptor ES-MaACL
043 ## - CÓDIGO DE ÁREA GEOGRÁFICA
Código de área geográfica e-sp---
Código local GAC e-sp---
Fuente del código local catmarc
080 ## - NÚMERO DE LA CLASIFICACIÓN DECIMAL UNIVERSAL
Número de la Clasificación Decimal Universal 860-3"20"
100 ## - ENTRADA PRINCIPAL--NOMBRE DE PERSONA
Nombre de persona Rocafort, Guillermo,
Fechas asociadas al nombre 1970-
9 (RLIN) 238050
Término indicativo de función/relación Autor
245 13 - MENCIÓN DEL TÍTULO
Título El Príncipe de Éboli, Ruy Gómez de Silva /
Mención de responsabilidad, etc. Guillermo Rocafort.
260 ## - PUBLICACIÓN, DISTRIBUCIÓN, ETC.
Lugar de publicación, distribución, etc. Barcelona :
Nombre del editor, distribuidor, etc. Aurea,
Fecha de publicación, distribución, etc. 2007.
300 ## - DESCRIPCIÓN FÍSICA
Extensión 184 p. ;
Dimensiones 23 cm.
336 ## - TIPO DE CONTENIDO
Fuente rdacontent
Término de tipo de contenido texto
337 ## - TIPO DE MEDIO
Fuente rdamedia
Nombre/término del tipo de medio sin mediación
338 ## - TIPO DE SOPORTE
Fuente rdacarrier
Nombre/término del tipo de soporte volumen
490 1# - MENCIÓN DE SERIE
Mención de serie Novela histórica
600 #0 - PUNTO DE ACCESO ADICIONAL DE MATERIA--NOMBRE DE PERSONA
Nombre de persona Éboli, Ruy Gómez de Silva,
Títulos y otros términos asociados al nombre Príncipe de,
Fechas asociadas al nombre 1516-1573-
Subdivisión general Narrativa
Fuente del encabezamiento o término lemac
9 (RLIN) 238051
651 #0 - PUNTO DE ACCESO ADICIONAL DE MATERIA--NOMBRE GEOGRÁFICO
Nombre geográfico España-
Subdivisión general Historia-
Subdivisión cronológica 1556-1598, Felipe II-
Subdivisión general Narrativa
Fuente del encabezamiento o término lemac
9 (RLIN) 238052
852 ## - LOCALIZACIÓN
Ubicación ES-MaACL
Sublocalización o colección R.152731
Ubicación en estantería Depósito J
Número de control de estantería N-9176
Donativo/Legado Donación: José Lázaro García
Encuadernación Encuadernación cartoné con sobrecubierta
itemnumber 205081
903 ## - NOMBRE PERSONAL DE DONANTE
9 234219
a Lázaro García, José
e Donante
942 ## - ELEMENTOS DE ENTRADA SECUNDARIOS (KOHA)
Tipo de ítem Koha Libro impreso
Suprimir en OPAC No
Holdings
Estatus retirado Estado de pérdida Fuente del sistema de clasificación o colocación Estado de daño No para préstamo Biblioteca de origen Biblioteca actual Ubicación en estantería Fecha de adquisición Fuente de adquisición Total de préstamos Signatura topográfica completa Código de barras Visto por última vez Precio de reemplazo Tipo de ítem Koha
    Clasificación decimal universal     Biblioteca del Ateneo de Madrid Biblioteca del Ateneo de Madrid Depósito J 26/04/2025 Donación   N-9176 101229916 26/04/2025 26/04/2025 Libro impreso